Dopasuj język europejski do rodziny językowej - (wersja łatwa) - Statystyki

Ogólne statystyki
  • Ten quiz został rozwiązany 19 razy
    18 od ostatniego zresetowania
  • Średni wynik to 11 z 14
Statystyki odpowiedzi
Hint Odpowiedź % Poprawnych
Łotewski Bałtycki
94%
Rumuński Romański
94%
Czeski Słowiański
94%
Duński Germański
88%
Grecki Helleński
88%
Ukraiński Słowiański
88%
Irlandzki Celtycki
81%
Angielski Germański
81%
Litewski Bałtycki
75%
Arabski Semicki
69%
Francuski Romański
63%
Węgierski Uralski
63%
Estoński Uralski
50%
Maltański Semicki
38%
Nie znaleziono quizów pasujących do podanych kryteriów
Rozkład punktacji
Procent ludzi z każdym wynikiem
Percentyl według liczby udzielonych odpowiedzi
Twoja historia wyników
Nie rozwiązałeś tego quizu od ostatniego zresetowania